Fundamentals of accounting (Record no. 3325)

MARC details
000 -LEADER
fixed length control field 00854 a2200229 4500
010 ## - LIBRARY OF CONGRESS CONTROL NUMBER
LC control number ENG-85669
020 ## - INTERNATIONAL STANDARD BOOK NUMBER
Terms of availability 150.00
035 ## - SYSTEM CONTROL NUMBER
System control number EN-69202
037 ## - SOURCE OF ACQUISITION
Source of stock number/acquisition D.B.Act / Pub
082 14 - DEWEY DECIMAL CLASSIFICATION NUMBER
Classification number 657
090 ## - LOCALLY ASSIGNED LC-TYPE CALL NUMBER (OCLC); LOCAL CALL NUMBER (OCLC)
-- 3392
-- 3392
100 1# - MAIN ENTRY--PERSONAL NAME
Personal name Reddy, P. N.
245 1# - TITLE STATEMENT
Title Fundamentals of accounting
Remainder of title for first semester, First year BBM, Banglore Universty
Statement of responsibility, etc by P. N. Reddy, H. R. Appannaiah, and R. Srinivasa Putty
250 ## - EDITION STATEMENT
Edition statement 3rd rev. ed.
260 ## - PUBLICATION, DISTRIBUTION, ETC. (IMPRINT)
Place of publication, distribution, etc Mumbai
Name of publisher, distributor, etc Himalaya Publishing House
Date of publication, distribution, etc 2006
270 ## - ADDRESS
Address "Ramdoot", Dr. Bhalerao Marg, Girgaon
City Mumbai
Postal code 400 004
Telephone number 022-23860170, 022-23863863
Fax number 022-23877178
Electronic mail address himpub@vsnl.net.in
300 ## - PHYSICAL DESCRIPTION
Extent 551 p.
Dimensions 22 cm ( Pbk.)
700 1# - ADDED ENTRY--PERSONAL NAME
Personal name Appannaiah, H. R.
700 1# - ADDED ENTRY--PERSONAL NAME
Personal name Srinivasa Putty, R.
942 ## - ADDED ENTRY ELEMENTS (KOHA)
Institution code [OBSOLETE] dpl
Koha item type English Books
Call number prefix 657 / RED
Holdings
Withdrawn status Lost status Source of classification or shelving scheme Damaged status Not for loan Collection code Home library Current library Source of acquisition Cost, normal purchase price Total Checkouts Full call number Barcode Date last seen Copy number Uniform Resource Identifier Cost, replacement price Price effective from Koha item type
    Dewey Decimal Classification   Not For Loan Non-fiction D.B.Act.Division D.B.Act.Division DBAD/PUB 150.00   657 RED EN-69202 15/09/2008 1 3543 150.00 15/09/2008 English Books

© Delhi Public Library
Hit Counter
free hit counter